| 000 | 01295nam a2200313 a 4500 | ||
|---|---|---|---|
| 001 | |||
| 003 | OSt | ||
| 005 | 20260114123504.0 | ||
| 008 | 090416s2019 dr a spa d0101 | ||
| 020 | _a9789945220032 | ||
| 040 |
_aDO-SdBNP _bspa _cBNPHU |
||
| 082 |
_a972.9377 _bM516r _222 |
||
| 100 |
_aMejía, Osiris _d1972- _977702 |
||
| 245 | 1 | 3 |
_aRaíces de Sabana Grande de Boyá / _cFlanklin Osiris Mejía Macario _b |
| 260 |
_aSanto Domingo : _bBúho, _c2019 |
||
| 300 |
_a77 p. : _bil. , retrs. ; _c23 cm. |
||
| 500 | _aIncluye referencias bibliográficas y notas al pie de las páginas | ||
| 500 | _aIncluye índice | ||
| 505 | _aBreve reseña histórica del origen de Sabana Grande de Boyá -- Los apodos de mi pueblo -- Cómo surgieron algunos apodos -- Desafíos obrero. | ||
| 590 | _aInventariado, 2021/VM | ||
| 650 | 4 |
_aCiudades y pueblos _zRepública Dominicana _9784 |
|
| 650 | 4 |
_aDesarrollo rural _zSabana Grande De Boyá (República Dominicana) _xHistoria _977703 |
|
| 650 | 0 |
_aGrupos sociales _91635 |
|
| 651 | 4 |
_aSabana Grande De Boyá (República Dominicana) _xHistoria Local _912977 |
|
| 651 | 4 |
_aSabana Grande De Boyá (República Dominicana) _xCondiciones Económicas _xHistoria _912978 |
|
| 700 | 1 | 2 |
_aSalazar, Manuel, _epról. _92454 |
| 910 | _aVmateo | ||
| 942 |
_2ddc _cLBS1 |
||
| 999 |
_c49338 _d49338 |
||